000 02650nam a2200277 4500
001 ESSALUD
005 20260701142842.0
007 ta
008 t pe ||||| |||| 00| 0 spa d
040 _aBMG
041 _aspa
100 _aHuiman Jimenez, Vicky Marleny
_eAutor
_953059
245 _aLa protección constitucional de los derechos sociales
246 _aThe constitutional protection of social rights
300 _apáginas 79-87
520 _aEl presente trabajo examina la protección constitucional de los derechos sociales en el Perú y su tratamiento comparado con los sistemas constitucionales de Chile, Colombia y México. La investigación inicia con la evolución del constitucionalismo social peruano desde la Constitución de 1920 hasta la de 1993, identificando los principales mecanismos de tutela judicial, entre ellos la acción de amparo y la acción de inconstitucionalidad por omisión, empleadas para corregir la inacción normativa del Estado. Se ha utilizado un método de investigación cualitativo y jurídico-comparativo, pues se contrastan los modelos de protección de derechos sociales en distintos países Iberoamericanos, destacando la tutela efectiva en Colombia mediante la acción de tutela, las limitaciones del recurso de protección en Chile y la amplitud del juicio de amparo en México.
520 _aTh is paper examines the constitutional protection of social rights in Peru and compares it with the constitutional systems of Chile, Colombia, and Mexico. The research begins with the evolution of Peruvian social constitutionalism from the 1920 Constitution to the 1993 Constitution, identifying the main mechanisms of judicial protection, including the amparo action and the action of unconstitutionality by omission, used to correct the State's normative inaction. A qualitative and legal comparative research method was used, contrasting the models of social rights protection in different Ibero-American countries, highlighting the effective protection in Colombia through the tutela action, the limitations of the protection remedy in Chile, and the broad scope of the amparo proceeding in Mexico.
650 _aDERECHOS SOCIALES
_95466
650 _aACCIÓN DE INCONSTITUCIONALIDAD POR OMISIÓN
_953060
650 _aPRINCIPIO DE PROGRESIVIDAD
_953061
650 _aACTION OF UNCONSTITUTIONOLITY BY OMISSION
_953062
650 _aSOCIAL RIGHTS
_953063
650 _aPRINCIPIE OF PROGRESSIVITY
_953064
773 0 _022573
_922621
_dLima Grupo Praxis Formación Profesional, 2026-
_oPRA002
_tPraxis Civil & Procesal Civil
_wESSALUD
_x3119-7671
942 _cARTICULOS
_e2026-07-01
_zsqb
999 _c22598
_d22598